000 00877nam a2200217Ia 4500
003 IN-BaIIA
008 211028s9999 xx 000 0 eng d
020 _a0-7923-1914-1
040 _cIIA Library
080 _a063:52
_bIAU-21B
111 _aInternational Astronomical Union General Assembly
_n21st
_cArgentina
_d1991 July 23 - Aug. 1
_918073
245 0 _aXXIst General assembly 
_bproceedings of the 21st General Assembly, Buenos Aires, Argentina, July 23 - August 1, 1991
_cedited by Jacqueline Bergeron
260 _aDordrecht
_bKluwer Academic
_c1992
300 _axv, 366p.
490 _aTransactions of the International Astronomical Union; v. X
650 _aAstronomy and Astrophysics Thesaurus
650 _aIAU General Assembly
650 _aIAU Transactions
_95483
700 _aBergeron, Jacqueline ed
_918074
942 _cBK
999 _c10597
_d10597